|
|
|
|
| LEADER |
00000cam a2200000 a 4500 |
| 001 |
vtls001109530 |
| 003 |
SK-MaSNL |
| 005 |
20260301193919.0 |
| 008 |
250313s1980 xo a e 000 0 slo |
| 015 |
|
|
|a SNBA1980
|
| 020 |
|
|
|q (brož.)
|
| 035 |
|
|
|a SNK000052372
|
| 035 |
|
|
|a urn:nbn:sk:snk-aml76u
|
| 035 |
|
|
|a urn:nbn:sk:snk-am008tvv
|
| 035 |
|
|
|a CDAAAC5F-688B-4CE9-AA4F-6C120238066F
|
| 040 |
|
|
|a SNK
|b slo
|c SNK
|e AACR2
|
| 041 |
0 |
|
|a slo
|
| 044 |
|
|
|a xo
|c SK
|
| 080 |
|
|
|a 631.1(075.8)(076.5)
|2 1981
|
| 100 |
1 |
|
|a Kuzma, František,
|d 1943-
|4 aut
|9 193531
|
| 245 |
1 |
0 |
|a Cvičenia z ekonomiky poľnohospodárstva pre MF
|c František Kuzma, Juraj Lazarčík
|
| 250 |
|
|
|a 1. vyd.
|
| 260 |
|
|
|a Bratislava
|b Príroda
|c 1980
|
| 300 |
|
|
|a 187 s.
|b tab.
|c 29 cm
|
| 366 |
|
|
|e 500 výt.
|
| 504 |
|
|
|a Bibliogr. odkazy
|
| 650 |
0 |
7 |
|a ekonomika poľnohospodárstva
|2 SNKPH
|9 3609
|
| 655 |
|
7 |
|a učebnice vysokých škôl
|2 SNKPH
|9 70191
|
| 700 |
1 |
|
|a Lazarčík, Juraj,
|d 1949-
|4 aut
|9 39519
|
| 852 |
|
|
|a Slovenská národná knižnica
|
| 958 |
|
|
|a OND
|
| 958 |
|
|
|a NB
|
| 999 |
|
|
|c 879679
|d 881609
|
| 952 |
|
|
|a SNK
|b SNK
|y PREZ
|7 0
|p 17A0998453
|o snkSB 30306
|i snkKSP 6370/80
|0 0
|1 0
|4 0
|d 2014-10-24
|f 1
|l 0
|r 2025-04-03 00:00:00
|w 2026-02-24
|
| 952 |
|
|
|a SNK
|b SNK
|y VYP
|7 0
|o snkSB 30306 D1
|i snkKSP 6371/80
|0 0
|1 0
|4 0
|d 2014-10-24
|l 0
|r 2026-02-24 06:12:11
|w 2026-02-24
|